| 000 | 00392cam a2200157ua 4500 | ||
|---|---|---|---|
| 041 |
_aeng _h |
||
| 082 |
_a828.09 _bWIL/DR |
||
| 100 | _aWilliams, Raymond . | ||
| 245 |
_aDrama froe Ibsen to Eliot / _cRaymond williams. _hTextual Documents |
||
| 250 |
_a1 / _b. |
||
| 260 |
_aLondon : _bChatto and Windus , _c1961. |
||
| 300 | _a281 ; . | ||
| 504 | _a | ||
| 942 | _cBK | ||
| 999 |
_c4777 _d4777 |
||